[Event "22nd European Teams"]
[Site "Batumi GEO"]
[Date "2019.10.27"]
[Round "4.14"]
[Board "1"]
[White "Kulaots, Kaido"]
[Black "Lagarde, Maxime"]
[Result "0-1"]
[WhiteTitle "GM"]
[BlackTitle "GM"]
[WhiteElo "2542"]
[BlackElo "2657"]
[WhiteTeam "Estonia"]
[BlackTeam "France"]
[WhiteFideId "4500261"]
[BlackFideId "662399"]
[EventDate "2019.10.24"]

1. e4 e6 2. d4 d5 3. Nc3 Bb4 4. e5 c5 5. a3 Bxc3+ 6. bxc3 Ne7 7. Qg4 O-O 8. Bd3
f5 9. exf6 Rxf6 10. Bg5 Rf7 11. Qh5 g6 12. Qd1 Nbc6 13. Nf3 Qf8 14. O-O c4 15.
Be2 h6 16. Bc1 Bd7 17. Ne1 Nf5 18. a4 Nd6 19. Ba3 Qb8 20. Bf3 Kh7 21. g3 Qc7 22.
Bg2 g5 23. Qe2 Re8 24. Nf3 Ne4 25. Qe3 e5 26. Nxe5 Nxe5 27. dxe5 Qxe5 28. Rae1
Qf6 29. Qxa7 Nd2 30. Rxe8 Bxe8 31. Bxd5 Bc6 32. Bxc6 Qxc6 33. Rd1 Nf3+ 34. Kf1
Nxh2+ 35. Kg1 Nf3+ 36. Kf1 Ne5 37. Kg1 b6 38. Qb8 Qf3 39. Rd2 Qe4 40. Kf1 Qh1+
41. Ke2 Rxf2+ 0-1

[Event "22nd European Teams"]
[Site "Batumi GEO"]
[Date "2019.10.27"]
[Round "4.14"]
[Board "2"]
[White "Maurizzi, Marc Andria"]
[Black "Volodin, Aleksandr"]
[Result "1/2-1/2"]
[WhiteTitle "FM"]
[BlackTitle "GM"]
[WhiteElo "2415"]
[BlackElo "2491"]
[WhiteTeam "France"]
[BlackTeam "Estonia"]
[WhiteFideId "36083534"]
[BlackFideId "4501950"]
[EventDate "2019.10.24"]

1. e4 c5 2. Nf3 Nc6 3. d4 cxd4 4. Nxd4 e6 5. Nc3 Qc7 6. Be3 Nf6 7. f4 Bb4 8. Nb5
Qa5 9. e5 Nd5 10. Bd2 Nxc3 11. Bxc3 Bxc3+ 12. Nxc3 O-O 13. Qd2 f6 14. exf6 Rxf6
15. O-O-O d5 16. Kb1 Kh8 17. g3 Bd7 18. h4 a6 19. h5 h6 20. Bg2 Rff8 21. Ne4 Qb6
22. Qc3 Rad8 23. Nc5 Bc8 24. Nd3 Bd7 25. Qc5 Qxc5 26. Nxc5 Bc8 27. Rhe1 Rde8 28.
Bh3 Nd8 29. Re3 Kg8 30. Rde1 Kf7 31. c3 Re7 32. g4 Rc7 33. Nd3 Kg8 34. g5 Bd7
35. gxh6 gxh6 36. Rg1+ Kh7 37. f5 exf5 38. Nf4 Bc6 39. Re5 d4 40. cxd4 Be4+ 41.
Ka1 Rg8 42. Rd1 Nc6 43. Bxf5+ Bxf5 44. Rxf5 Nxd4 45. Re5 Rf7 1/2-1/2

[Event "22nd European Teams"]
[Site "Batumi GEO"]
[Date "2019.10.27"]
[Round "4.14"]
[Board "3"]
[White "Kanep, Meelis"]
[Black "Bauer, Christian"]
[Result "1-0"]
[WhiteTitle "GM"]
[BlackTitle "GM"]
[WhiteElo "2448"]
[BlackElo "2606"]
[WhiteTeam "Estonia"]
[BlackTeam "France"]
[WhiteFideId "4501047"]
[BlackFideId "603767"]
[EventDate "2019.10.24"]

1. d4 f5 2. Nf3 Nf6 3. g3 g6 4. Bg2 Bg7 5. c4 O-O 6. O-O d6 7. Nc3 c6 8. d5 Qa5
9. e4 fxe4 10. Ng5 cxd5 11. Nxd5 Nxd5 12. cxd5 h6 13. Nxe4 Na6 14. Bd2 Qb6 15.
Rb1 Bf5 16. Be3 Qb5 17. g4 Bd7 18. h3 Kh7 19. Re1 Rae8 20. a3 Nc7 21. Nc3 Qa5
22. Be4 e6 23. Qc2 Rf6 24. b4 Qa6 25. Bd3 Nb5 26. Ne4 Rff8 27. a4 Na3 28. Qb3
Qxa4 29. Nxd6 Nxb1 30. Qxb1 exd5 31. Bxg6+ Kg8 32. Bxe8 Bxe8 33. Nf5 Qd7 34. Bc5
Rxf5 35. Qxf5 b6 36. Re7 Qc6 37. Be3 d4 38. Bf4 Bg6 39. Qd7 Qxd7 40. Rxd7 d3 41.
Bd2 1-0

[Event "22nd European Teams"]
[Site "Batumi GEO"]
[Date "2019.10.27"]
[Round "4.14"]
[Board "4"]
[White "Gharamian, Tigran"]
[Black "Sepp, Olav"]
[Result "1-0"]
[WhiteTitle "GM"]
[BlackTitle "IM"]
[WhiteElo "2590"]
[BlackElo "2411"]
[WhiteTeam "France"]
[BlackTeam "Estonia"]
[WhiteFideId "13301527"]
[BlackFideId "4500105"]
[EventDate "2019.10.24"]

1. e4 e5 2. Nf3 Nc6 3. Bc4 Nf6 4. d3 Bc5 5. O-O O-O 6. c3 d5 7. exd5 Nxd5 8. a4
a5 9. Re1 Bg4 10. h3 Bh5 11. Nbd2 Nb6 12. Bb3 Qxd3 13. Nxe5 Bxd1 14. Nxd3 Bxb3
15. Nxb3 Bd6 16. Nbc5 Rab8 17. Ne4 Rfd8 18. Nxd6 Rxd6 19. Bf4 Rxd3 20. Bxc7 Rc8
21. Bxb6 Rd2 22. Rab1 f6 23. Be3 Rc2 24. Rec1 Rxc1+ 25. Rxc1 Ne5 26. Rd1 Rc4 27.
Rd8+ Kf7 28. f4 Ke7 29. Rd5 Nc6 30. Rb5 Rxa4 31. Rxb7+ Ke6 32. Rxg7 Ra1+ 33. Kf2
Ne7 34. g4 f5 35. Rxh7 Ra2 36. Rh6+ Kd5 37. Rb6 Kc4 38. Kf3 Nd5 39. Rc6+ Kb3 40.
Rc5 fxg4+ 41. hxg4 1-0

[Event "22nd European Teams"]
[Site "Batumi GEO"]
[Date "2019.10.27"]
[Round "4.15"]
[Board "1"]
[White "Iordachescu, Viorel"]
[Black "Lupulescu, Constantin"]
[Result "1-0"]
[WhiteTitle "GM"]
[BlackTitle "GM"]
[WhiteElo "2602"]
[BlackElo "2643"]
[WhiteTeam "Moldova"]
[BlackTeam "Romania"]
[WhiteFideId "13900200"]
[BlackFideId "1207822"]
[EventDate "2019.10.24"]

1. e4 e6 2. d4 d5 3. Nc3 Nf6 4. Bg5 dxe4 5. Nxe4 Nbd7 6. Nf3 h6 7. Nxf6+ Nxf6 8.
Be3 Bd6 9. Qe2 O-O 10. O-O-O b6 11. g4 Nxg4 12. Bd2 Bb7 13. Rg1 Qf6 14. Bg2 Nxh2
15. Nxh2 Bxh2 16. Bxb7 Bxg1 17. Rxg1 Rad8 18. c3 Rfe8 19. Bc6 Re7 20. Qh5 Rd6
21. Be4 e5 22. Qg4 Re8 23. d5 Kf8 24. Rg3 g5 25. Rf3 Qg7 26. c4 a5 27. c5 Rf6
28. d6 cxd6 29. cxb6 d5 30. Bxd5 e4 31. Rxf6 Qxf6 32. Be3 Qd6 33. Qf5 Re7 34. b7
Rc7+ 35. Kb1 Rxb7 36. Qc8+ 1-0

[Event "22nd European Teams"]
[Site "Batumi GEO"]
[Date "2019.10.27"]
[Round "4.15"]
[Board "2"]
[White "Parligras, Mircea-Emilian"]
[Black "Schitco, Ivan"]
[Result "1-0"]
[WhiteTitle "GM"]
[BlackTitle "IM"]
[WhiteElo "2629"]
[BlackElo "2492"]
[WhiteTeam "Romania"]
[BlackTeam "Moldova"]
[WhiteFideId "1204297"]
[BlackFideId "13905465"]
[EventDate "2019.10.24"]

1. e4 e5 2. Nf3 Nc6 3. Bc4 Nf6 4. d3 Be7 5. O-O O-O 6. Re1 d6 7. a4 Na5 8. Ba2
c5 9. c3 Nc6 10. Na3 h6 11. Nc2 Be6 12. Bxe6 fxe6 13. b4 b6 14. Rb1 Qd7 15. b5
Na5 16. d4 Qc7 17. dxe5 dxe5 18. Qe2 Rf7 19. Nd2 c4 20. Ba3 Bxa3 21. Nxa3 Rc8
22. Rb4 Qc5 23. Naxc4 Ng4 24. Rf1 Rcf8 25. Nf3 Rxf3 26. gxf3 Nf6 27. Nxa5 bxa5
28. Rc4 Qe7 29. Rc6 Nh5 30. Kh1 Nf4 31. Qe3 Rd8 32. Rg1 Nh3 33. f4 Rd3 34. Qe2
Qh4 35. Rc8+ Kf7 36. Rc7+ Kf8 37. Rg2 Qd8 38. Rc8 Qxc8 39. Qxd3 Nxf4 40. Qd6+
Kg8 41. Rg3 Ne2 42. Qxe5 Nxg3+ 43. hxg3 Kh7 44. Qd4 Qf8 45. Qxa7 Qf3+ 46. Kh2
Qxe4 47. Qd4 Qg6 48. c4 Qc2 49. b6 e5 50. Qc5 Qb2 51. Kg2 e4 52. Qe3 1-0

[Event "22nd European Teams"]
[Site "Batumi GEO"]
[Date "2019.10.27"]
[Round "4.15"]
[Board "3"]
[White "Svetushkin, Dmitry"]
[Black "Deac, Bogdan-Daniel"]
[Result "0-1"]
[WhiteTitle "GM"]
[BlackTitle "GM"]
[WhiteElo "2534"]
[BlackElo "2613"]
[WhiteTeam "Moldova"]
[BlackTeam "Romania"]
[WhiteFideId "13900463"]
[BlackFideId "1226380"]
[EventDate "2019.10.24"]

1. e4 e5 2. Bc4 Nf6 3. d3 Nc6 4. Nf3 Bc5 5. O-O d6 6. c3 O-O 7. Re1 a6 8. b4 Ba7
9. a4 Ne7 10. Bg5 Ng6 11. Nh4 Kh8 12. Nd2 c6 13. Ndf3 h6 14. Nxg6+ fxg6 15. Be3
Bg4 16. Bxa7 Rxa7 17. h3 Bh5 18. d4 g5 19. dxe5 Bxf3 20. Qd4 c5 21. Qe3 dxe5 22.
Qxf3 cxb4 23. cxb4 Ra8 24. Qb3 Rc8 25. Bd5 Qb6 26. a5 Qa7 27. Qb2 g4 28. Ra3 b6
29. b5 gxh3 30. Rxh3 axb5 31. a6 Nxd5 32. exd5 Qxa6 33. Rxe5 Rf6 34. Re7 Rcf8
35. Ra3 Qc8 36. Rg3 Qc4 37. Rexg7 Qxd5 38. R7g4 Qf5 39. f3 Rf7 40. Qc3 Qc5+ 41.
Qxc5 bxc5 42. Rg8+ Kh7 43. Rc8 Rf5 44. Rg4 h5 45. Re4 Rb7 46. Ree8 b4 47. Rh8+
Kg6 48. Rc6+ Kg7 49. Rch6 Rff7 50. Rxh5 c4 51. R8h7+ Kf6 52. R7h6+ Ke7 53. Re5+
Kf8 54. Kf2 b3 55. Rh1 c3 0-1

[Event "22nd European Teams"]
[Site "Batumi GEO"]
[Date "2019.10.27"]
[Round "4.15"]
[Board "4"]
[White "Gavrilescu, David"]
[Black "Hamitevici, Vladimir"]
[Result "1/2-1/2"]
[WhiteTitle "IM"]
[BlackTitle "GM"]
[WhiteElo "2451"]
[BlackElo "2472"]
[WhiteTeam "Romania"]
[BlackTeam "Moldova"]
[WhiteFideId "1227190"]
[BlackFideId "13902393"]
[EventDate "2019.10.24"]

1. e4 c6 2. d4 d5 3. exd5 cxd5 4. Bd3 Nc6 5. c3 Nf6 6. Bf4 Bg4 7. Qb3 Qd7 8. Nd2
e6 9. Ngf3 Bd6 10. Bxd6 Qxd6 11. O-O O-O 12. Rae1 Bxf3 13. Nxf3 Qc7 14. Qc2 g6
15. g3 Rab8 16. Qe2 a6 17. h4 Rfe8 18. Kg2 Kg7 19. Ne5 h5 20. Qe3 b5 21. a3 Rb7
22. f3 Nxe5 23. dxe5 Nd7 24. g4 Rh8 25. Rh1 Rbb8 26. Rh3 Qb6 27. gxh5 Rxh5 28.
f4 Rbh8 29. Kg3 Qxe3+ 30. Rxe3 Nb6 31. Rh2 Rc8 32. Re1 Rhh8 33. Kf3 Nc4 34. Rd1
Kf8 35. Kg3 Ke7 36. Rc1 Rc7 37. Re2 Nb6 38. Rh2 Na4 39. Kf3 Nb6 40. Ke3 Nc4+ 41.
Kd4 Na5 42. Rch1 Nb3+ 43. Ke3 Nc5 44. Bf1 Rcc8 45. Be2 Rh6 46. Bf3 Na4 47. Rd1
Kd7 48. Rc1 Rch8 49. Rch1 Rc8 50. Rc1 Rh7 51. Rd1 a5 52. Rc1 b4 53. axb4 axb4
54. Bd1 Nb6 55. Be2 bxc3 56. Rxc3 Rxc3+ 57. bxc3 Nc8 58. c4 Ne7 59. cxd5 Nxd5+
60. Kf3 Rh8 61. Bc4 Ne7 62. Kg4 Nf5 63. Bd3 Ne3+ 64. Kf3 Nd5 65. Be4 Ke7 66. Ra2
Rxh4 67. Bxd5 exd5 68. Ra7+ Kf8 69. Rd7 Rh3+ 70. Ke2 Rh4 71. Kf3 Rh3+ 1/2-1/2

[Event "22nd European Teams"]
[Site "Batumi GEO"]
[Date "2019.10.27"]
[Round "4.16"]
[Board "1"]
[White "Kovalev, Vladislav"]
[Black "Mehmeti, Dritan"]
[Result "0-1"]
[WhiteTitle "GM"]
[BlackTitle "IM"]
[WhiteElo "2661"]
[BlackElo "2359"]
[WhiteTeam "Belarus"]
[BlackTeam "Albania"]
[WhiteFideId "13504398"]
[BlackFideId "4700600"]
[EventDate "2019.10.24"]

1. Nf3 Nf6 2. g3 d5 3. Bg2 e6 4. O-O Be7 5. c4 O-O 6. b3 c5 7. Bb2 Nc6 8. e3 d4
9. exd4 cxd4 10. Re1 Re8 11. d3 Bf8 12. a3 a5 13. Ne5 Nxe5 14. Rxe5 Bd6 15. Rb5
e5 16. Nd2 Ra7 17. b4 Bd7 18. bxa5 Bxb5 19. cxb5 Qxa5 20. Nc4 Qxb5 21. Bxd4 Bc5
22. Rb1 Qxb1 23. Qxb1 Bxd4 24. Bf3 g6 25. Kg2 Kg7 26. Qb3 b6 27. Nd6 Re6 28. Nb5
Rd7 29. a4 h5 30. Qc4 Ng4 31. Qc8 Nf6 32. Qc4 Ng4 33. Qc8 Nf6 34. Bc6 Rde7 35.
h3 Bc5 36. Kf1 Ne8 37. Bd5 Rf6 38. a5 Rxf2+ 39. Ke1 Rc2 40. Kd1 Rb2 41. Qc6 Nf6
42. Bc4 e4 43. d4 e3 44. dxc5 e2+ 45. Bxe2 Rexe2 46. cxb6 Ne4 47. Qd5 Nf2+ 0-1

[Event "22nd European Teams"]
[Site "Batumi GEO"]
[Date "2019.10.27"]
[Round "4.16"]
[Board "2"]
[White "Ashiku, Franc"]
[Black "Zhigalko, Sergei"]
[Result "0-1"]
[WhiteTitle "FM"]
[BlackTitle "GM"]
[WhiteElo "2424"]
[BlackElo "2574"]
[WhiteTeam "Albania"]
[BlackTeam "Belarus"]
[WhiteFideId "4700066"]
[BlackFideId "13502956"]
[EventDate "2019.10.24"]

1. f4 d5 2. Nf3 Nf6 3. g3 c5 4. Bg2 g6 5. O-O Bg7 6. d3 O-O 7. c3 Nc6 8. Na3 Re8
9. h3 Qc7 10. g4 d4 11. Bd2 h5 12. g5 Nd5 13. Qc1 e6 14. Nc4 Bd7 15. a4 Rad8 16.
Nh4 Nce7 17. e4 dxe3 18. Bxe3 b6 19. Qc2 Nxe3 20. Nxe3 a6 21. Be4 b5 22. axb5
axb5 23. Rad1 Bc8 24. Neg2 Rd7 25. Nf3 Red8 26. Qf2 Nf5 27. Bxf5 exf5 28. Qe2
Re7 29. Qf2 Bb7 30. Rd2 b4 31. cxb4 cxb4 32. Re1 Rxe1+ 33. Nfxe1 Bd4 34. Ne3 Qc6
35. Kh2 h4 36. N1g2 Re8 37. Rd1 Bxe3 0-1

[Event "22nd European Teams"]
[Site "Batumi GEO"]
[Date "2019.10.27"]
[Round "4.16"]
[Board "3"]
[White "Stupak, Kirill"]
[Black "Pasko, Llambi"]
[Result "1-0"]
[WhiteTitle "GM"]
[BlackTitle "IM"]
[WhiteElo "2551"]
[BlackElo "2443"]
[WhiteTeam "Belarus"]
[BlackTeam "Albania"]
[WhiteFideId "13503758"]
[BlackFideId "4701178"]
[EventDate "2019.10.24"]

1. d4 Nf6 2. g3 g6 3. Bg2 d5 4. c4 c6 5. Qa4 Nbd7 6. cxd5 Nb6 7. Qb3 cxd5 8. Nc3
Bg7 9. Nf3 O-O 10. O-O Ne4 11. Bf4 Bf5 12. a4 Nxc3 13. bxc3 Be4 14. Nd2 Bxg2 15.
Kxg2 e5 16. dxe5 Qe7 17. a5 Nc4 18. Nxc4 dxc4 19. Qxc4 g5 20. Be3 Qxe5 21. Rab1
Rac8 22. Qb5 Qe4+ 23. Kg1 Rxc3 24. Qxg5 Rc2 25. Qb5 b6 26. axb6 axb6 27. Rb4 Qe6
28. Qh5 Qg6 29. Qf3 Rc6 30. Rg4 Qe6 31. Bd4 f6 32. Be3 f5 33. Rb4 Be5 34. Rfb1
Bc7 35. Bf4 Bd8 36. Rb5 Qg6 37. Qb3+ Qe6 38. Be3 Bc7 39. Qxe6+ Rxe6 40. R1b2
Rff6 41. Bd4 Kf7 42. Bxf6 Rxf6 43. Rc2 Bd8 44. Rd5 Be7 45. Rc7 1-0

[Event "22nd European Teams"]
[Site "Batumi GEO"]
[Date "2019.10.27"]
[Round "4.16"]
[Board "4"]
[White "Seitaj, Ilir"]
[Black "Nikitenko, Mihail"]
[Result "0-1"]
[WhiteTitle "IM"]
[BlackTitle "IM"]
[WhiteElo "2346"]
[BlackElo "2423"]
[WhiteTeam "Albania"]
[BlackTeam "Belarus"]
[WhiteFideId "4700031"]
[BlackFideId "13506862"]
[EventDate "2019.10.24"]

1. e4 e5 2. Nf3 Nc6 3. Nc3 Nf6 4. Bb5 Bd6 5. a3 O-O 6. O-O Re8 7. d3 h6 8. Ne2
Bf8 9. Ng3 a6 10. Ba4 d6 11. Re1 b5 12. Bb3 Na5 13. Ba2 c5 14. Bd2 Nc6 15. h3 d5
16. exd5 Nxd5 17. Ne4 Be6 18. Nc3 Nxc3 19. Bxc3 Bxa2 20. Rxa2 b4 21. axb4 cxb4
22. Bd2 Qd5 23. b3 a5 24. Nh2 Nd4 25. Ng4 Ra6 26. Ne3 Qa8 27. Kh1 Rg6 28. f3 Qd8
29. c3 Nc6 30. cxb4 axb4 31. Qb1 Nd4 32. Ng4 Qd5 33. Bc1 Nxf3 34. Re4 Nd4 35.
Ne3 Qb5 36. Nc4 f5 37. Re1 f4 38. Bb2 Rg3 39. Bxd4 exd4 40. Rxe8 Qxe8 41. Kh2
Qg6 42. Qf1 Rxd3 43. Qxf4 Qf6 44. Qb8 Rxb3 45. Ra8 Rb1 46. Nd2 Rb2 47. Nc4 Rc2
48. Nb6 Qf2 49. Qg3 Qxg3+ 50. Kxg3 Kf7 51. Nd5 Bd6+ 52. Kf3 Ke6 53. Ra5 b3 54.
Rb5 b2 55. Nb6 d3 56. Na4 d2 0-1

[Event "22nd European Teams"]
[Site "Batumi GEO"]
[Date "2019.10.27"]
[Round "4.17"]
[Board "1"]
[White "Stefansson, Hannes"]
[Black "Pechac, Jergus"]
[Result "1/2-1/2"]
[WhiteTitle "GM"]
[BlackTitle "GM"]
[WhiteElo "2541"]
[BlackElo "2491"]
[WhiteTeam "Iceland"]
[BlackTeam "Slovakia"]
[WhiteFideId "2300087"]
[BlackFideId "14926970"]
[EventDate "2019.10.24"]

1. d4 Nf6 2. c4 c6 3. Nc3 d5 4. cxd5 cxd5 5. Bf4 Qb6 6. Rc1 Nc6 7. e3 Bf5 8. Bb5
e6 9. Nf3 Be7 10. Ne5 O-O 11. Bxc6 bxc6 12. g4 Bg6 13. Qd2 Rfc8 14. O-O c5 15.
Na4 Qb5 16. Nxc5 Bxc5 17. Rxc5 Rxc5 18. dxc5 Ne4 19. Qd4 f6 20. Nxg6 hxg6 21. g5
Qe2 22. Qd1 Qxb2 23. gxf6 gxf6 24. Qg4 Kf7 25. Qh3 f5 26. Qh7+ Qg7 27. Qxg7+
Kxg7 28. Be5+ Kf7 29. Rb1 Nxc5 30. Bd4 Nd7 31. Rb7 Ke7 32. Rxa7 Rxa7 33. Bxa7
Kd6 34. Bd4 e5 35. Bb2 Kc5 36. Kf1 Kc4 37. Ke2 d4 38. exd4 exd4 39. a4 d3+ 40.
Kd1 Nc5 41. a5 Kb5 42. Kd2 Ne4+ 43. Kxd3 Nxf2+ 44. Ke2 Ne4 45. Ke3 Kxa5 46. Kf4
Kb5 47. h4 Kc4 48. h5 gxh5 49. Kxf5 Kd3 50. Kf4 h4 51. Kg4 h3 52. Kxh3 1/2-1/2

[Event "22nd European Teams"]
[Site "Batumi GEO"]
[Date "2019.10.27"]
[Round "4.17"]
[Board "2"]
[White "Ftacnik, Lubomir"]
[Black "Kjartansson, Gudmundur"]
[Result "0-1"]
[WhiteTitle "GM"]
[BlackTitle "IM"]
[WhiteElo "2520"]
[BlackElo "2459"]
[WhiteTeam "Slovakia"]
[BlackTeam "Iceland"]
[WhiteFideId "14900017"]
[BlackFideId "2301318"]
[EventDate "2019.10.24"]

1. Nf3 d5 2. d4 Nf6 3. c4 e6 4. Nc3 c6 5. Bg5 dxc4 6. e4 b5 7. e5 h6 8. Bh4 g5
9. Nxg5 hxg5 10. Bxg5 Nbd7 11. g3 Bb7 12. Bg2 Qb6 13. exf6 O-O-O 14. O-O c5 15.
d5 b4 16. Na4 Qb5 17. a3 Nb8 18. axb4 cxb4 19. Be3 Bxd5 20. Bxd5 Rxd5 21. Qe2
Nc6 22. Rfc1 Ne5 23. Bxa7 Kb7 24. Nb6 c3 25. Qxb5 Rxb5 26. Na4 Nf3+ 27. Kg2 Rf5
28. Be3 Rxh2+ 29. Kf1 Bh6 30. Bxh6 Nd2+ 31. Bxd2 Rfxf2+ 32. Kg1 Rfg2+ 33. Kf1
Rxd2 34. Kg1 Rdg2+ 35. Kf1 cxb2 36. Nxb2 Rxb2 37. Kg1 Rbg2+ 38. Kf1 Rxg3 39. Rc4
Rh1+ 40. Kf2 Rxa1 41. Rxb4+ Kc6 42. Kxg3 Rf1 0-1

[Event "22nd European Teams"]
[Site "Batumi GEO"]
[Date "2019.10.27"]
[Round "4.17"]
[Board "3"]
[White "Thorfinnsson, Bragi"]
[Black "Jurcik, Marian"]
[Result "1/2-1/2"]
[WhiteTitle "GM"]
[BlackTitle "GM"]
[WhiteElo "2436"]
[BlackElo "2486"]
[WhiteTeam "Iceland"]
[BlackTeam "Slovakia"]
[WhiteFideId "2300958"]
[BlackFideId "14907518"]
[EventDate "2019.10.24"]

1. d4 d5 2. Bf4 c5 3. e3 Nc6 4. Nc3 cxd4 5. exd4 a6 6. h3 Bf5 7. Bd3 Bg6 8. Nf3
e6 9. Ne5 Nxe5 10. Bxe5 Ne7 11. O-O Nc6 12. Bg3 Bd6 13. Ne2 Bxg3 14. fxg3 O-O
15. c3 b5 16. Nf4 b4 17. Bxg6 hxg6 18. h4 bxc3 19. bxc3 Ne7 20. g4 Qc7 21. Qd3
Rac8 22. Rf3 e5 23. dxe5 Qxe5 24. Raf1 Rc4 25. h5 gxh5 26. gxh5 Rfc8 27. Re3 Re4
28. Nxd5 Rxe3 29. Qxe3 Qxe3+ 30. Nxe3 Rxc3 31. Nf5 Nxf5 32. Rxf5 Ra3 33. Rf2 Ra5
34. g4 f6 35. Kg2 Ra3 36. h6 Kh7 37. hxg7 Kxg7 38. Rc2 Kg6 39. Rf2 Ra5 40. Kh3
Kg5 41. Kg3 Ra3+ 42. Kg2 a5 43. Rf5+ Kg6 44. Rf2 a4 45. Kf1 Rc3 46. Rf4 a3 47.
Kg2 Kg5 48. Ra4 Rc2+ 49. Kf3 Rxa2 50. Ra5+ Kg6 51. Ra7 Ra1 52. Ra5 Kf7 53. Ra6
Ke7 54. Kg2 a2 55. Kh2 Kd7 56. Kg2 Kc7 57. Kh2 Kb7 58. Ra3 Kc6 59. Kg2 Kb5 60.
Ra8 Kc4 61. Kh2 Kd3 62. Kg2 Ke4 63. Ra6 Ke3 64. Re6+ Kd4 65. Ra6 Ke5 66. Ra4 Kd5
67. Ra8 Kc4 68. Ra3 Kd4 69. Ra8 Ke3 70. Ra6 Ke4 71. Ra4+ Ke5 72. Ra6 Kf4 73.
Rxf6+ Kxg4 74. Ra6 Kf4 75. Ra8 Ke3 76. Re8+ Kd3 1/2-1/2

[Event "22nd European Teams"]
[Site "Batumi GEO"]
[Date "2019.10.27"]
[Round "4.17"]
[Board "4"]
[White "Nayhebaver, Martin"]
[Black "Gretarsson, Helgi Ass"]
[Result "1-0"]
[WhiteTitle "IM"]
[BlackTitle "GM"]
[WhiteElo "2481"]
[BlackElo "2410"]
[WhiteTeam "Slovakia"]
[BlackTeam "Iceland"]
[WhiteFideId "14923432"]
[BlackFideId "2300699"]
[EventDate "2019.10.24"]

1. e4 g6 2. d4 Bg7 3. Nc3 d6 4. f4 a6 5. Nf3 b5 6. Bd3 Nd7 7. a4 b4 8. Ne2 Bb7
9. c3 c5 10. O-O cxd4 11. cxd4 a5 12. Kh1 Ngf6 13. Ng3 O-O 14. e5 Nd5 15. Ng5
Nc7 16. Be3 Nb6 17. Qg4 Nbd5 18. Bd2 Ba6 19. Bxa6 Rxa6 20. Qh4 h6 21. N5e4 Rc6
22. f5 dxe5 23. Bxh6 exd4 24. Ng5 Bf6 25. fxg6 fxg6 26. Bg7 1-0

[Event "22nd European Teams"]
[Site "Batumi GEO"]
[Date "2019.10.27"]
[Round "4.18"]
[Board "1"]
[White "Pultinevicius, Paulius"]
[Black "Djukic, Nikola"]
[Result "1-0"]
[WhiteTitle "IM"]
[BlackTitle "GM"]
[WhiteElo "2503"]
[BlackElo "2517"]
[WhiteTeam "Lithuania"]
[BlackTeam "Montenegro"]
[WhiteFideId "12809390"]
[BlackFideId "922412"]
[EventDate "2019.10.24"]

1. d4 Nf6 2. c4 g6 3. Nc3 d5 4. cxd5 Nxd5 5. Bd2 Bg7 6. e4 Nxc3 7. Bxc3 c5 8. d5
Bxc3+ 9. bxc3 O-O 10. Qd2 Qd6 11. f4 e6 12. c4 e5 13. Nf3 Nd7 14. Bd3 exf4 15.
O-O f6 16. Rae1 Ne5 17. Qxf4 Nxc4 18. Qc1 Ne5 19. Nxe5 fxe5 20. Rxf8+ Kxf8 21.
Rf1+ Kg7 22. Qb2 a6 23. Qf2 Qe7 24. Bc4 Bd7 25. Qb2 b5 26. d6 Qxd6 27. Rf7+ Kh8
28. Bd5 Be6 29. Rf6 Re8 30. Qf2 c4 31. h4 c3 32. Bxe6 Rxe6 33. Rf8+ Kg7 34. Qf7+
Kh6 35. Rh8 1-0

[Event "22nd European Teams"]
[Site "Batumi GEO"]
[Date "2019.10.27"]
[Round "4.18"]
[Board "2"]
[White "Kosic, Dragan"]
[Black "Laurusas, Tomas"]
[Result "0-1"]
[WhiteTitle "GM"]
[BlackTitle "IM"]
[WhiteElo "2478"]
[BlackElo "2501"]
[WhiteTeam "Montenegro"]
[BlackTeam "Lithuania"]
[WhiteFideId "900290"]
[BlackFideId "12803731"]
[EventDate "2019.10.24"]

1. d4 Nf6 2. Nf3 g6 3. c4 Bg7 4. Nc3 d5 5. Bf4 O-O 6. Rc1 Be6 7. e3 dxc4 8. Ng5
Bd5 9. e4 h6 10. exd5 hxg5 11. Bxg5 Nxd5 12. Bxc4 Nb6 13. Bb3 Nc6 14. Ne2 Na5
15. O-O Nxb3 16. Qxb3 c6 17. h4 Qd7 18. Rfe1 Rfe8 19. a4 Nd5 20. Rcd1 a5 21. Nc3
Nxc3 22. bxc3 b5 23. Rb1 Rab8 24. Bf4 Rb7 25. Be5 b4 26. Bxg7 Kxg7 27. Re5 Rh8
28. Rbe1 Rxh4 29. Rxe7 Qxe7 30. Rxe7 Rxe7 31. g3 Re1+ 32. Kg2 Rhh1 33. d5 c5 34.
cxb4 cxb4 35. Qb2+ Kg8 36. Qf6 Rhg1+ 37. Kh2 Rh1+ 38. Kg2 Reg1+ 39. Kf3 Rh5 40.
Qd8+ Kh7 41. Qxa5 Rf5+ 42. Kg4 Rxf2 43. Qxb4 Rd1 44. Qb6 Rf5 45. a5 Rdxd5 46. a6
Ra5 47. Qb7 Ra4+ 48. Kh3 Rh5+ 49. Kg2 Ra2+ 50. Kf3 Kg7 51. g4 Rha5 52. Qc7 Rxa6
53. Qe5+ Kh7 54. g5 R6a5 55. Qc7 Rf5+ 56. Ke3 Rg2 57. Qb8 Rgxg5 58. Qc7 Re5+ 59.
Kd4 Rgf5 60. Qb8 Re2 61. Kd3 Ref2 62. Ke4 g5 63. Qb1 Kg6 64. Qb8 Kg7 65. Qb1
R2f4+ 66. Ke3 Re5+ 67. Kd3 g4 68. Qg1 Rg5 69. Ke3 Rf6 0-1

[Event "22nd European Teams"]
[Site "Batumi GEO"]
[Date "2019.10.27"]
[Round "4.18"]
[Board "3"]
[White "Brazdzionis, Andrius"]
[Black "Draskovic, Luka"]
[Result "1/2-1/2"]
[BlackTitle "IM"]
[WhiteElo "2355"]
[BlackElo "2460"]
[WhiteTeam "Lithuania"]
[BlackTeam "Montenegro"]
[WhiteFideId "12804479"]
[BlackFideId "944335"]
[EventDate "2019.10.24"]

1. d4 Nf6 2. c4 g6 3. Nc3 Bg7 4. e4 O-O 5. Nf3 d6 6. Be2 Na6 7. O-O e5 8. Be3
Qe8 9. dxe5 Ng4 10. Bf4 dxe5 11. Bg5 f6 12. Bc1 c6 13. Ne1 Nh6 14. Nd3 Nf7 15.
b3 Qe7 16. a4 Rd8 17. Ba3 Qe8 18. Qb1 Nc7 19. Rd1 Ne6 20. Bf1 Bf8 21. Bc1 Bh6
22. Ba3 Nd4 23. Ne2 Bg4 24. f3 Be3+ 25. Kh1 Nxf3 26. h3 Bh5 27. Ra2 N7g5 28. Ng3
Nh4 29. Re1 Bd4 30. Qc2 Ne6 31. Nxh5 gxh5 32. Bb2 Ng6 33. Bc1 Ng7 34. Be2 Rd7
35. Bh6 Rad8 36. Rf1 Qe7 37. b4 Kh8 38. c5 a6 39. Qc4 Qf7 40. Qc2 Qe7 41. Qc4
Qf7 42. Qc2 1/2-1/2